LEADER 02044nam 2200637 a 450 001 9910455675403321 005 20200520144314.0 010 $a1-299-36285-0 010 $a1-84642-292-2 010 $a1-4175-0300-9 035 $a(CKB)111087028275306 035 $a(OCoLC)567905578 035 $a(CaPaEBR)ebrary10064439 035 $a(SSID)ssj0000180387 035 $a(PQKBManifestationID)11170724 035 $a(PQKBTitleCode)TC0000180387 035 $a(PQKBWorkID)10149953 035 $a(PQKB)11425022 035 $a(MiAaPQ)EBC1160834 035 $a(Au-PeEL)EBL1160834 035 $a(CaPaEBR)ebr10064439 035 $a(CaONFJC)MIL467535 035 $a(OCoLC)833763644 035 $a(EXLCZ)99111087028275306 100 $a20011010d2002 uy 0 101 0 $aeng 135 $aurcn||||||||| 181 $ctxt 182 $cc 183 $acr 200 10$aIntegrating theory and practice in social work education$b[electronic resource] /$fFlorence Watson, Helen Burrows, and Chris Player 210 $aLondon ;$aPhiladelphia $cJessica Kingsley Publishers$d2002 215 $a1 online resource (272 p.) 300 $aBibliographic Level Mode of Issuance: Monograph 311 $a1-85302-981-5 320 $aIncludes bibliographical references (251-264) and indexes. 606 $aAcademic writing$zGreat Britain 606 $aPracticums$zGreat Britain 606 $aReport writing$zGreat Britain 606 $aSocial work education$zGreat Britain 608 $aElectronic books. 615 0$aAcademic writing 615 0$aPracticums 615 0$aReport writing 615 0$aSocial work education 676 $a361.3/07/041 700 $aWatson$b Florence$f1958-$01053441 701 $aBurrows$b Helen$f1958-$01053442 701 $aPlayer$b Chris$f1951-$01053443 801 0$bMiAaPQ 801 1$bMiAaPQ 801 2$bMiAaPQ 906 $aBOOK 912 $a9910455675403321 996 $aIntegrating theory and practice in social work education$92485334 997 $aUNINA LEADER 05449 am 2201213 n 450 001 9910328156403321 005 20190423 010 $a979-1-03-510215-9 024 7 $a10.4000/books.psorbonne.22094 035 $a(CKB)4100000008496679 035 $a(FrMaCLE)OB-psorbonne-22094 035 $a(oapen)https://directory.doabooks.org/handle/20.500.12854/58789 035 $a(PPN)26796899X 035 $a(EXLCZ)994100000008496679 100 $a20190625j|||||||| ||| 0 101 0 $afre 135 $auu||||||m|||| 181 $ctxt$2rdacontent 182 $cc$2rdamedia 183 $acr$2rdacarrier 200 10$aSaint-Denis et la royauté $eÉtudes offertes à Bernard Guenée /$fFrançoise Autrand, Claude Gauvard, Jean-Marie Moeglin 210 $aParis $cÉditions de la Sorbonne$d2019 215 $a1 online resource (814 p.) 311 $a2-85944-383-5 330 $aCes quarante-six études réunies en l'honneur de Bernard Gueneé montrent comment, sous son influence, l?histoire politique s'est affirmée dans l?historiographie française depuis la parution, en 1971, de la première édition de L'Occident aux XIVe et XVe siècles, les États (Paris. Presses Universitaires de France, Collection Nouvelle Clio). Elles sont à l?image d'une recherche et d?un enseignement qui ont toujours eu le constant souci de se référer aux documents inédits, sans que l?érudition la plus stricte masque les hypothèses hardies. L?ensemble se divise en trois parties dont la démarche est assez homogène pour être soulignée. Le règne de Charles VI, en particulier à travers la Chronique du religieux de Saint-Denys, sert de point d?ancrage chronologique. L?écriture de l?histoire fait sortir de l?ombre des écrivains inconnus, savants ou vulgarisateurs, tandis que sont privilégiés les liens que la royauté entretient avec l?idéologie, qu?il s?agisse de l?écrit, de la parole ou des rituels. Il apparaît ainsi un véritable foisonnement de sens, au terme duquel ce règne tant décrié d?un roi fou, apparemment soumis aux difficultés de la guerre civile entre les princes et de la guerre de Cent ans, est l?un des plus riches pour la construction de l?État comme pour le développement de la culture. Le politique y règne en maître : il était juste de lui rendre la place qu?il mérite. 606 $aHistory 606 $aroyauté 606 $arois de France 606 $arègne 606 $aÉglise 606 $aécriture de l'histoire 606 $ahistoriographie 606 $ahistoire politique 610 $aÉglise 610 $aroyauté 610 $ahistoriographie 610 $aécriture de l'histoire 610 $arègne 610 $arois de France 610 $ahistoire politique 615 4$aHistory 615 4$aroyauté 615 4$arois de France 615 4$arègne 615 4$aÉglise 615 4$aécriture de l'histoire 615 4$ahistoriographie 615 4$ahistoire politique 700 $aAllmand$b Christopher$0295938 701 $aAuger$b Marie-Louise$01284493 701 $aAutrand$b Françoise$0399293 701 $aBeaune$b Colette$0183826 701 $aBlanchard$b Joël$0387183 701 $aBoudet$b Jean-Patrice$0480446 701 $aBoureau$b Alain$0163774 701 $aBourgain$b Pascale$0480445 701 $aBoyer$b Jean-Paul$0305413 701 $aBozzolo$b Carla$0153619 701 $aCauchies$b Jean-Marie$01282746 701 $aChazan$b Mireille$0731306 701 $aCollard$b Franck$01284494 701 $aDemurger$b Alain$0502604 701 $aDe Carvalho Homem$b Armando Luis$01284495 701 $ade la Selle$b Xavier$01284496 701 $aDuchenne$b Marie-Christine$01284497 701 $aGauvard$b Claude$0155109 701 $aGenet$b Jean-Philippe$0410963 701 $aGonzalez$b Elizabeth$01284489 701 $aGorochov$b Nathalie$01284490 701 $aGuenée$b Bernard$0387612 701 $aGuyot-Bachy$b Isabelle$0495920 701 $aGuyotjeannin$b Olivier$0134063 701 $aHeullant-Donat$b Isabelle$0266134 701 $aJouet$b Valérie$01284498 701 $aKrynen$b Jacques$0260862 701 $aLabory$b Gillette$01284499 701 $aLamarrigue$b Anne-Marie$01284500 701 $aLewis$b Peter$0376607 701 $aMartin$b Georges$0333004 701 $aMattéoni$b Olivier$0519243 701 $aMillet$b Hélène$0389071 701 $aMoeglin$b Jean-Marie$01284501 701 $aMornet$b Elisabeth$01234926 701 $aMüller$b Heribert$0184058 701 $aNebbiai-Dalla Guarda$b Donatella$01284502 701 $aParavicini$b Werner$0241189 701 $aParavicini Bagliani$b Agostino$01284503 701 $aPaulmier-Foucart$b Monique$01284504 701 $aPons$b Nicole$0396300 701 $aPoulle$b Emmanuel$0169529 701 $aRech$b Régis$01284505 701 $aRigaudière$b Albert$0423120 701 $aSpiegel$b Gabrielle M$0165928 701 $aTricard$b Jean$01233420 701 $aVerger$b Jacques$032853 701 $aVulliez$b Charles$01282540 701 $aAutrand$b Françoise$0399293 701 $aGauvard$b Claude$0155109 701 $aMoeglin$b Jean-Marie$01284501 801 0$bFR-FrMaCLE 906 $aBOOK 912 $a9910328156403321 996 $aSaint-Denis et la royauté$93019390 997 $aUNINA